000 00443nam a2200181Ia 4500
008 230524s9999 xx 000 0 und d
020 _a9780098070896
082 _bPAL
100 _aSrimanta Pal
_942429
245 0 _aEnginering Mathematics
250 _a2
260 _aNew Delhi
_bOxford
_c2015
300 _a"XIX,1003p;"
500 _aQuantity Number: 1
650 _aMathematics
700 _aSubodh C. Bhunia
_942430
942 _cBK
999 _c56715
_d56715